[Event "Oceania zt"]
[Site "Cammeray"]
[Date "2015.07.08"]
[Round "7"]
[White "Shaw, Ralph"]
[Black "Talum, Lito"]
[Result "0-1"]
[WhiteElo "1651"]
[BlackElo "1801"]
[PlyCount "102"]
[EventDate "2015.07.04"]
[EventType "swiss"]
[EventRounds "9"]
[EventCountry "AUS"]
[SourceTitle "EXT 2017"]
[Source "ChessBase"]
[SourceDate "2016.10.25"]
[SourceVersion "1"]
[SourceVersionDate "2016.10.25"]
[SourceQuality "1"]

1. e4 d6 2. d4 a6 3. f4 e6 4. Nf3 Nd7 5. Bd3 c5 6. Be3 b6 7. 0-0 Bb7 8. Qe1 Qc7 9. Nbd2 Ngf6 10. Qg3 g6 11. f5 c4 12. Bxc4 exf5 13. exf5 Nh5 14. Qh3 d5 15. Bb3 0-0-0 16. Ng5 Kb8 17. Nxf7 Bd6 18. Nxd8 Qxd8 19. fxg6 hxg6 20. Rf3 Nhf6 21. Qe6 Bxh2+ 22. Kh1 Re8 23. Qh3 Rh8 24. Qxh2+ Rxh2+ 25. Kxh2 Ng4+ 26. Kg1 Ndf6 27. Bg5 Qh8 28. Bf4+ Ka7 29. Rh3 Nh5 30. c3 Qf6 31. g3 Nxf4 32. gxf4 Qxf4 33. Rd1 Ne3 34. Re1 Qg4+ 35. Kf2 Qg2+ 36. Kxe3 Qxh3+ 37. Nf3 g5 38. Kf2 g4 39. Ng1 Qh2+ 40. Kf1 Qxb2 41. Re3 Qc1+ 42. Kf2 Qb1 43. Ne2 Qh1 44. Rg3 Qh2+ 45. Rg2 Qh4+ 46. Rg3 Qf6+ 47. Kg2 Qe6 48. Kf2 Qf5+ 49. Kg2 a5 50. Ng1 Ba6 51. Bd1 Qf1+ 0-1

[Event "Sydney op-B"]
[Site "Parramatta"]
[Date "2013.04.04"]
[Round "4"]
[White "Shaw, Ralph"]
[Black "Chisholm, Tom"]
[Result "0-1"]
[WhiteElo "1339"]
[BlackElo "1763"]
[PlyCount "112"]
[EventDate "2013.04.03"]
[EventType "swiss"]
[EventRounds "9"]
[EventCountry "AUS"]
[SourceTitle "EXT 2023"]
[Source "ChessBase"]
[SourceDate "2022.10.05"]
[SourceVersion "1"]
[SourceVersionDate "2022.10.05"]
[SourceQuality "1"]

1. e4 c5 2. Nf3 Nc6 3. d4 cxd4 4. Nxd4 e5 5. Nxc6 bxc6 6. Bc4 Bb4+ 7. Bd2 Bc5 8. Nc3 Nf6 9. Qf3 0-0 10. 0-0-0 d6 11. Qg3 Nh5 12. Qg5 Qxg5 13. Bxg5 Nf6 14. f3 h6 15. Bxf6 gxf6 16. a3 Rd8 17. Na4 Be3+ 18. Kb1 a5 19. Rd3 Ba7 20. Rhd1 Bb8 21. Ba2 Bc7 22. c4 Ba6 23. R3d2 Kg7 24. c5 dxc5 25. Nxc5 Be2 26. Rxd8 Rxd8 27. Rxd8 Bxd8 28. Kc2 Bf1 29. g3 Bb6 30. Nd3 Bg1 31. h4 h5 32. f4 Bxd3+ 33. Kxd3 exf4 34. gxf4 Bf2 35. b4 axb4 36. axb4 Bxh4 37. Ke2 f5 38. exf5 Be7 39. Kf3 Bxb4 40. Kg3 Be1+ 41. Kh3 Kf6 42. Bc4 Kxf5 43. Bxf7 h4 44. Be8 c5 45. Bb5 Kxf4 46. Bc4 Ke3 47. Bf1 Kd4 48. Kg2 Ke3 49. Bb5 Kd4 50. Kf3 Kc3 51. Ke2 Bg3 52. Kd1 h3 53. Bc6 h2 54. Kc1 c4 55. Bd5 Kd3 56. Kd1 c3 0-1

[Event "Sydney op-B"]
[Site "Parramatta"]
[Date "2013.04.03"]
[Round "2"]
[White "Ng, Clive"]
[Black "Shaw, Ralph"]
[Result "1-0"]
[WhiteElo "1895"]
[BlackElo "1339"]
[PlyCount "79"]
[EventDate "2013.04.03"]
[EventType "swiss"]
[EventRounds "9"]
[EventCountry "AUS"]
[SourceTitle "EXT 2023"]
[Source "ChessBase"]
[SourceDate "2022.10.05"]
[SourceVersion "1"]
[SourceVersionDate "2022.10.05"]
[SourceQuality "1"]

1. e4 e5 2. Nf3 Nc6 3. Bb5 a6 4. Ba4 Nf6 5. d3 b5 6. Bb3 Be7 7. 0-0 d6 8. c3 Bg4 9. Re1 Qd7 10. Nbd2 Na5 11. Bc2 c5 12. Nf1 h5 13. h3 Be6 14. Ng5 Qc6 15. Nxe6 fxe6 16. a4 Kd7 17. axb5 axb5 18. f4 exf4 19. Bxf4 Ra6 20. Qe2 e5 21. Bd2 Rg8 22. Ne3 g5 23. Nf5 g4 24. h4 g3 25. Rf1 Ng4 26. Rf3 c4 27. d4 Nb3 28. Rxa6 Qxa6 29. Bxb3 cxb3 30. Be1 Qc6 31. Bxg3 Bf6 32. Rd3 b4 33. dxe5 Qc5+ 34. Bf2 Qxe5 35. Rxd6+ Qxd6 36. Nxd6 Kxd6 37. Qd2+ Kc6 38. Qd5+ Kc7 39. Qxg8 bxc3 40. bxc3 1-0

[Event "AUS-ch Minor"]
[Site "Cammeray"]
[Date "2013.01.12"]
[Round "10"]
[White "Shaw, Ralph"]
[Black "Tracey, Michael"]
[Result "0-1"]
[WhiteElo "1372"]
[BlackElo "1338"]
[PlyCount "76"]
[EventDate "2013.01.02"]
[EventType "swiss"]
[EventRounds "11"]
[EventCountry "AUS"]
[SourceTitle "EXT 2022"]
[Source "ChessBase"]
[SourceDate "2021.10.06"]
[SourceVersion "1"]
[SourceVersionDate "2021.10.06"]
[SourceQuality "1"]

1. e4 c5 2. Nf3 Nc6 3. d4 cxd4 4. Nxd4 e5 5. Nxc6 bxc6 6. Bc4 Nf6 7. Nc3 Be7 8. Be3 0-0 9. 0-0 a5 10. f4 d6 11. fxe5 dxe5 12. Qxd8 Rxd8 13. Rad1 Bg4 14. Be2 Bxe2 15. Nxe2 Rxd1 16. Rxd1 Nxe4 17. b3 Kf8 18. Bb6 Ke8 19. h3 f6 20. g4 a4 21. Rc1 c5 22. Kg2 Kd7 23. b4 Kc6 24. bxc5 Nxc5 25. Bxc5 Bxc5 26. Nc3 Bd4 27. Ne2 Rd8 28. Rd1 Bb6 29. Rxd8 Bxd8 30. Kf3 Kc5 31. Ke4 g6 32. Kd3 Ba5 33. Nc3 Bxc3 34. Kxc3 f5 35. Kd3 e4+ 36. Ke3 Kc4 37. Kf4 Kc3 38. Kg5 e3 0-1

[Event "AUS-ch Minor"]
[Site "Cammeray"]
[Date "2013.01.03"]
[Round "2"]
[White "Shaw, Ralph"]
[Black "Stokes, Mark"]
[Result "1-0"]
[WhiteElo "1372"]
[BlackElo "1558"]
[PlyCount "129"]
[EventDate "2013.01.02"]
[EventType "swiss"]
[EventRounds "11"]
[EventCountry "AUS"]
[SourceTitle "EXT 2022"]
[Source "ChessBase"]
[SourceDate "2021.10.06"]
[SourceVersion "1"]
[SourceVersionDate "2021.10.06"]
[SourceQuality "1"]

1. e4 c5 2. Nf3 Nc6 3. d4 cxd4 4. Nxd4 e5 5. Nxc6 bxc6 6. Bc4 Nf6 7. Nc3 Bb4 8. Bd2 0-0 9. 0-0 d5 10. exd5 cxd5 11. Nxd5 Nxd5 12. Bxd5 Qxd5 13. Bxb4 Rd8 14. Qxd5 Rxd5 15. Rad1 Be6 16. Rxd5 Bxd5 17. a3 Rc8 18. Rc1 f6 19. Kf1 Kf7 20. f3 Ke6 21. Ke2 e4 22. Ke3 exf3 23. gxf3 Rc4 24. b3 Rh4 25. c4 Bb7 26. Rc2 Rh3 27. Rf2 g5 28. Ke2 h5 29. Bd2 g4 30. fxg4 Rxb3 31. gxh5 Rxa3 32. h6 Be4 33. c5 a5 34. Rf4 Ke5 35. Rh4 Bd3+ 36. Kf2 Bh7 37. Rc4 Rh3 38. Kg2 Rh5 39. Ra4 Bg8 40. Rxa5 f5 41. Kg3 Kd5 42. Be3 Ke4 43. Bf4 Kd5 44. Ra8 Be6 45. Ra6 Bc8 46. Ra7 Ke6 47. c6 Kd5 48. Rd7+ Ke6 49. Rd8 Ba6 50. c7 Kf7 51. c8Q Bxc8 52. Rxc8 Kg6 53. Rc6+ Kh7 54. Rc7+ Kg6 55. h4 Kf6 56. Bg5+ Ke5 57. Re7+ Kd6 58. Kf4 Rxh6 59. Bxh6 Kxe7 60. Kxf5 Kf7 61. h5 Kg8 62. Kg6 Kh8 63. Bg5 Kg8 64. h6 Kh8 65. Bf6+ 1-0

[Event "Cammeray Norths op"]
[Site "Cammeray"]
[Date "2011.01.06"]
[Round "5"]
[White "Shaw, Ralph"]
[Black "Canfell, Mike J"]
[Result "0-1"]
[WhiteElo "1281"]
[BlackElo "1554"]
[PlyCount "90"]
[EventDate "2011.01.02"]
[EventType "swiss"]
[EventRounds "7"]
[EventCountry "AUS"]
[SourceTitle "EXT 2013"]
[Source "ChessBase"]
[SourceDate "2012.11.22"]
[SourceVersion "1"]
[SourceVersionDate "2012.11.22"]
[SourceQuality "1"]

1. e4 c5 2. Nf3 d6 3. d4 cxd4 4. Nxd4 Nf6 5. Nc3 a6 6. Bg5 e6 7. Bd3 Be7 8. Qd2 Nbd7 9. 0-0 0-0 10. b3 Qc7 11. f4 h6 12. Bxf6 Bxf6 13. Bc4 Nc5 14. Kh1 b5 15. Be2 b4 16. Nb1 Nxe4 17. Qxb4 Rb8 18. Qa4 Bd7 19. Qxa6 Bxd4 20. c3 Ra8 21. Qc4 Qxc4 22. Bxc4 Nxc3 23. Nxc3 Bxc3 24. Rac1 Bb2 25. Rc2 Ba3 26. Rf3 d5 27. Be2 Rfc8 28. Rfc3 Rxc3 29. Rxc3 Rc8 30. Rxc8+ Bxc8 31. Kg1 Kf8 32. Kf2 Ke7 33. Ke3 Bc5+ 34. Kd3 Ba6+ 35. Kd2 Bb4+ 36. Kd1 Bxe2+ 37. Kxe2 Kd6 38. Kd3 Kc5 39. a4 f5 40. Ke3 d4+ 41. Kd3 Kd5 42. Ke2 Ke4 43. g3 d3+ 44. Kf2 h5 45. Kf1 Kf3 0-1